000 00614nam a22001697a 4500
003 UA-OsUOA
001 16026
007 ta
008 20031217b un ||||| |||| 00| 0 ukr d
942 _cSA
040 _aUA-OsUOA
_cUA-OsUOA
_dUA-OsUOA
245 _a"Не вішай носа в шафу !"
_b[Таку назву має нова кн. гумору і сатири Ю.Берези . Подається коротка дов. про творчість автора]
300 _aС.6
955 _a0
773 0 _w0
_tВільне слово
_dРівне
_d2003
_g№84/22 жовт./
650 7 _aБереза Ю.
_2UDC
999 _c302191
_d302191